[Event "CRO-chT3W"]
[Site "Croatia"]
[Date "2016.03.05"]
[Round "1.2"]
[White "Tomic, Boris"]
[Black "Kvaternik, Kresimir"]
[Result "1/2-1/2"]
[WhiteElo "2117"]
[BlackElo "2008"]
[PlyCount "75"]
[EventDate "2016.03.05"]
[EventType "team-tourn"]
[EventRounds "9"]
[EventCountry "CRO"]
[SourceTitle "CBM 171 Extra"]
[Source "ChessBase"]
[SourceDate "2016.04.26"]
[SourceVersion "1"]
[SourceVersionDate "2016.04.26"]
[SourceQuality "1"]
[WhiteTeam "Mali Los¡inj"]
[BlackTeam "Delnice"]
[WhiteTeamCountry "CRO"]
[BlackTeamCountry "CRO"]

1. d4 c6 2. Nf3 d5 3. Bf4 Nf6 4. e3 Bg4 5. Nbd2 e6 6. c4 Bd6 7. Bg3 Ne4 8. Be2 Nxg3 9. hxg3 Nd7 10. e4 dxe4 11. Nxe4 Be7 12. Qb3 Qa5+ 13. Kf1 Rb8 14. Bd3 h5 15. Re1 Rh6 16. d5 cxd5 17. cxd5 exd5 18. Nc3 Be6 19. Nd4 Qb6 20. Nf5 Qxb3 21. axb3 Bxf5 22. Bxf5 Nb6 23. Re5 Rd8 24. g4 hxg4 25. Rxh6 gxh6 26. Bxg4 Kf8 27. Bf3 Bf6 28. Rf5 Bxc3 29. bxc3 Rc8 30. Bxd5 Nxd5 31. Rxd5 Rxc3 32. Rb5 Rc7 33. Ke2 Ke7 34. g4 Rd7 35. Ke3 b6 36. Rh5 Rd6 37. f4 a5 38. Rb5 1/2-1/2

[Event "CRO-chT2 West"]
[Site "Croatia"]
[Date "2014.03.29"]
[Round "4.32"]
[White "Tomic, Boris"]
[Black "Medancic, Rikard"]
[Result "1-0"]
[WhiteElo "2103"]
[BlackElo "2201"]
[PlyCount "131"]
[EventDate "2014.03.15"]
[EventType "team-tourn"]
[EventRounds "9"]
[EventCountry "CRO"]
[SourceTitle "EXT 2019"]
[Source "ChessBase"]
[SourceDate "2018.10.10"]
[SourceVersion "1"]
[SourceVersionDate "2018.10.10"]
[SourceQuality "1"]
[WhiteTeam "Mali Losinj"]
[BlackTeam "Rijeka Kvarner"]
[WhiteTeamCountry "CRO"]
[BlackTeamCountry "CRO"]

1. Nf3 d5 2. d4 Nf6 3. c4 c6 4. e3 Bf5 5. Nc3 e6 6. Nh4 Bg4 7. Qb3 Qb6 8. f3 Bh5 9. g4 Bg6 10. Nxg6 hxg6 11. Qxb6 axb6 12. g5 Ng8 13. cxd5 exd5 14. e4 dxe4 15. fxe4 Bd6 16. e5 Bb4 17. Bc4 b5 18. Bb3 Ne7 19. 0-0 Nf5 20. d5 Nd7 21. dxc6 bxc6 22. e6 Ne5 23. Bf4 Nc4 24. exf7+ Kxf7 25. a4 Bxc3 26. bxc3 Rhd8 27. Bc7 Re8 28. Rf4 Ke7 29. Bxc4 bxc4 30. Rxc4 Kd7 31. Bb6 Re6 32. Rd1+ Rd6 33. Rxd6+ Nxd6 34. Rd4 Ke6 35. a5 Nb5 36. Rd3 c5 37. Bxc5 Rxa5 38. Bb4 Ra4 39. Kg2 Nc7 40. Rd6+ Kf5 41. h4 Ra1 42. c4 Ra4 43. Rb6 Ne6 44. c5 Nd4 45. Bc3 Rc4 46. Bxd4 Rxd4 47. c6 Rc4 48. Kf3 Rc3+ 49. Ke2 Kg4 50. Kd2 Rc5 51. Kd3 Kxh4 52. Rb4+ Kxg5 53. Rc4 Rd5+ 54. Ke4 Rd8 55. c7 Rc8 56. Ke5 Kh5 57. Kd6 g5 58. Kd7 Rxc7+ 59. Rxc7 g4 60. Ke6 g6 61. Ke5 Kh4 62. Kf4 g5+ 63. Ke3 Kg3 64. Rg7 Kh2 65. Rxg5 g3 66. Kf3 1-0

[Event "CRO-chT2 West"]
[Site "Croatia"]
[Date "2014.03.16"]
[Round "2.22"]
[White "Tomic, Boris"]
[Black "Acinger, Zeljko"]
[Result "1-0"]
[WhiteElo "2103"]
[BlackElo "1944"]
[PlyCount "121"]
[EventDate "2014.03.15"]
[EventType "team-tourn"]
[EventRounds "9"]
[EventCountry "CRO"]
[SourceTitle "EXT 2019"]
[Source "ChessBase"]
[SourceDate "2018.10.10"]
[SourceVersion "1"]
[SourceVersionDate "2018.10.10"]
[SourceQuality "1"]
[WhiteTeam "Mali Losinj"]
[BlackTeam "Delnice"]
[WhiteTeamCountry "CRO"]
[BlackTeamCountry "CRO"]

1. Nf3 Nf6 2. d4 g6 3. e3 Bg7 4. Nbd2 0-0 5. b4 d5 6. Ba3 b6 7. Rc1 c6 8. c4 Re8 9. Be2 Nfd7 10. Qb3 Nf6 11. Ne5 Bb7 12. 0-0 Nbd7 13. f4 e6 14. b5 cxb5 15. cxb5 Nxe5 16. fxe5 Ne4 17. Nxe4 dxe4 18. Rc3 Qd7 19. Rfc1 Rec8 20. Bd6 Rxc3 21. Rxc3 Rc8 22. Qc2 Bf8 23. Rxc8 Bxc8 24. Qc6 Bxd6 25. exd6 f5 26. Kf1 Kf8 27. g4 Ke8 28. gxf5 gxf5 29. Qc3 Bb7 30. d5 Qxd6 31. Qh8+ Kd7 32. Qxh7+ Qe7 33. dxe6+ Kxe6 34. Bc4+ Kd6 35. Qxf5 Qe5 36. Qxe5+ Kxe5 37. Kg2 Kf5 38. Kg3 Ba8 39. a3 Bb7 40. Kh4 Ba8 41. Kh5 Bb7 42. h4 Bc8 43. Be2 Bb7 44. Kh6 Kf6 45. Bc4 Bc8 46. Bd5 Bf5 47. h5 Bg4 48. Bxe4 Be2 49. Bc6 a6 50. bxa6 Bxa6 51. Bf3 Bd3 52. e4 Bc4 53. Kh7 Be6 54. h6 Kf7 55. e5 Bf5+ 56. Kh8 Ke6 57. Kg8 Kxe5 58. h7 Bxh7+ 59. Kxh7 Kd6 60. Be2 Kc5 61. a4 1-0

[Event "CRO-chT2 West"]
[Site "Croatia"]
[Date "2014.03.15"]
[Round "1.52"]
[White "Zufic, Miroslav"]
[Black "Tomic, Boris"]
[Result "1-0"]
[WhiteElo "2451"]
[BlackElo "2103"]
[PlyCount "57"]
[EventDate "2014.03.15"]
[EventType "team-tourn"]
[EventRounds "9"]
[EventCountry "CRO"]
[SourceTitle "EXT 2019"]
[Source "ChessBase"]
[SourceDate "2018.10.10"]
[SourceVersion "1"]
[SourceVersionDate "2018.10.10"]
[SourceQuality "1"]
[WhiteTeam "Pula"]
[BlackTeam "Mali Losinj"]
[WhiteTeamCountry "CRO"]
[BlackTeamCountry "CRO"]

1. e4 e6 2. d4 d5 3. Nc3 Nf6 4. e5 Nfd7 5. Nce2 c5 6. c3 Nc6 7. Nf3 cxd4 8. cxd4 Be7 9. a3 0-0 10. Nf4 Nb6 11. Bd3 Kh8 12. h4 f6 13. Bxh7 Kxh7 14. Ng5+ fxg5 15. hxg5+ Kg8 16. Qh5 Bxg5 17. Qh7+ Kf7 18. Qg6+ Ke7 19. Qxg7+ Ke8 20. Qg6+ Kd7 21. Nxe6 Rg8 22. Qf7+ Qe7 23. Nc5+ Kc7 24. Qxg8 Nxe5 25. Rh7 Nf7+ 26. Be3 Bf5 27. Qxg5 Nxg5 28. Rxe7+ Kd6 29. Bxg5 1-0

[Event "CRO-chT2 West"]
[Site "Croatia"]
[Date "2011.04.10"]
[Round "6.23"]
[White "Tomic, Boris"]
[Black "Muslija, Idris"]
[Result "1-0"]
[WhiteElo "2089"]
[BlackElo "2231"]
[PlyCount "91"]
[EventDate "2011.03.12"]
[EventType "team-tourn"]
[EventRounds "9"]
[EventCountry "CRO"]
[SourceTitle "EXT 2014"]
[Source "ChessBase"]
[SourceDate "2013.11.20"]
[SourceVersion "1"]
[SourceVersionDate "2013.11.20"]
[SourceQuality "1"]

1. d4 Nf6 2. Nf3 e6 3. c4 Bb4+ 4. Nbd2 b6 5. a3 Bxd2+ 6. Qxd2 Bb7 7. e3 d6 8. b3 Nbd7 9. Bb2 Ne4 10. Qc2 0-0 11. Be2 f5 12. 0-0 Qe7 13. Rad1 Rf6 14. d5 Rg6 15. Ne1 Qh4 16. f4 Ndf6 17. Bxf6 Nxf6 18. Nf3 Qh3 19. Bd3 Re8 20. Kh1 Qh6 21. e4 Nh5 22. Ng5 Ng3+ 23. Kg1 Nxf1 24. Rxf1 Bc8 25. dxe6 fxe4 26. Bxe4 Rf6 27. Bxh7+ Kf8 28. Bf5 g6 29. e7+ Kg8 30. Bxc8 Rxc8 31. Qe4 Re8 32. Qd5+ Kg7 33. Re1 Rf5 34. Qc6 Qh8 35. Qxc7 Kh6 36. Qxd6 Qc3 37. Nf3 Qf6 38. Re6 Qa1+ 39. Kf2 Qg7 40. g4 Rf7 41. f5 Qb2+ 42. Kg3 Qc3 43. Rxg6+ Kh7 44. Qf4 Rg7 45. Qh6+ Kg8 46. f6 1-0

[Event "CRO-chT2 West"]
[Site "Croatia"]
[Date "2011.04.09"]
[Round "4.33"]
[White "Tomic, Boris"]
[Black "Zoricic, Marijan"]
[Result "1/2-1/2"]
[WhiteElo "2089"]
[BlackElo "2122"]
[PlyCount "120"]
[EventDate "2011.03.12"]
[EventType "team-tourn"]
[EventRounds "9"]
[EventCountry "CRO"]
[SourceTitle "EXT 2014"]
[Source "ChessBase"]
[SourceDate "2013.11.20"]
[SourceVersion "1"]
[SourceVersionDate "2013.11.20"]
[SourceQuality "1"]

1. d4 d5 2. Nf3 Nf6 3. e3 e6 4. c4 c6 5. Nbd2 Nbd7 6. Bd3 dxc4 7. Nxc4 b5 8. Nce5 Bb7 9. 0-0 h6 10. a3 Bd6 11. Qe2 a6 12. b4 Qc7 13. Bb2 Bxe5 14. Nxe5 Nxe5 15. dxe5 Nd7 16. f4 c5 17. bxc5 Nxc5 18. Rac1 Qe7 19. Bxb5+ axb5 20. Qxb5+ Qd7 21. Qxc5 Qd5 22. Qxd5 Bxd5 23. Rfd1 0-0 24. Bc3 f5 25. exf6 gxf6 26. Bb4 Rf7 27. f5 Rg7 28. g3 h5 29. fxe6 Bxe6 30. Rd6 Re8 31. Kf2 Rb7 32. Rcc6 Kf7 33. e4 Rd7 34. Kf3 f5 35. Rxd7+ Bxd7 36. Rc7 fxe4+ 37. Ke3 Ke6 38. Kxe4 Rc8 39. Ra7 Ra8 40. Rxa8 Bc6+ 41. Kd4 Bxa8 42. Kc5 Kd7 43. Kb6 Bc6 44. h3 Bg2 45. g4 h4 46. g5 Bxh3 47. Be1 Kc8 48. Ka7 Bf5 49. Bxh4 Bh7 50. Bg3 Kd7 51. Kb6 Kc8 52. Bf4 Kd7 53. Kb5 Kc8 54. Kc6 Be4+ 55. Kb6 Bc2 56. Bg3 Kd7 57. Kb5 Kc8 58. Kc4 Kb7 59. Kc3 Bg6 60. a4 Kc8 1/2-1/2

[Event "CRO-chT2 West"]
[Site "Croatia"]
[Date "2011.03.13"]
[Round "2.43"]
[White "Tomic, Boris"]
[Black "Antunovic, Ivo"]
[Result "1/2-1/2"]
[WhiteElo "2089"]
[BlackElo "2143"]
[PlyCount "26"]
[EventDate "2011.03.12"]
[EventType "team-tourn"]
[EventRounds "9"]
[EventCountry "CRO"]
[SourceTitle "EXT 2014"]
[Source "ChessBase"]
[SourceDate "2013.11.20"]
[SourceVersion "1"]
[SourceVersionDate "2013.11.20"]
[SourceQuality "1"]

1. d4 Nf6 2. Nf3 g6 3. e3 Bg7 4. Nbd2 0-0 5. b4 d6 6. Bb2 b6 7. c4 c5 8. b5 cxd4 9. Bxd4 Bb7 10. Be2 Nbd7 11. 0-0 Nc5 12. Nb3 Ne6 13. Bb2 Nd7 1/2-1/2

[Event "CRO-chT2 West"]
[Site "Croatia"]
[Date "2010.10.24"]
[Round "8.16"]
[White "Tomic, Boris"]
[Black "Samblic, Silvano"]
[Result "1-0"]
[WhiteElo "2078"]
[BlackElo "2025"]
[PlyCount "75"]
[EventDate "2010.03.27"]
[EventType "team-tourn"]
[EventRounds "9"]
[EventCountry "CRO"]
[SourceTitle "EXT 2012"]
[Source "ChessBase"]
[SourceDate "2011.11.24"]
[SourceVersion "1"]
[SourceVersionDate "2011.11.24"]
[SourceQuality "1"]

1. d4 Nf6 2. Nf3 d5 3. e3 c6 4. c4 e6 5. Bd3 Nbd7 6. 0-0 Qc7 7. Nbd2 Be7 8. b3 0-0 9. Bb2 Re8 10. Rc1 Qa5 11. a3 Bf8 12. b4 Qc7 13. Qe2 a5 14. b5 c5 15. e4 dxe4 16. Nxe4 Nxe4 17. Qxe4 Nf6 18. Qh4 cxd4 19. Bxd4 e5 20. Rfe1 Bxa3 21. Ra1 Bb4 22. Bxe5 Rxe5 23. Rxe5 Bc3 24. Bxh7+ Nxh7 25. Re8+ Nf8 26. Rd1 Bf6 27. Ng5 Bxg5 28. Qxg5 Bg4 29. b6 Qxb6 30. Rxa8 Bxd1 31. Qe7 Bh5 32. Rxf8+ Kh7 33. h3 Qb1+ 34. Kh2 Qc2 35. Qh4 Qe2 36. Rxf7 Kg6 37. Rxb7 Qe5+ 38. f4 1-0

[Event "CRO-chT2a"]
[Site "Croatia"]
[Date "2009.10.03"]
[Round "7"]
[White "Krsovnik, Emil"]
[Black "Tomic, Boris"]
[Result "1-0"]
[WhiteElo "2083"]
[BlackElo "2087"]
[PlyCount "45"]
[EventDate "2009.04.04"]
[EventType "team-tourn"]
[EventRounds "9"]
[EventCountry "CRO"]
[SourceTitle "EXT 2011"]
[Source "ChessBase"]
[SourceDate "2010.11.26"]
[SourceVersion "1"]
[SourceVersionDate "2010.11.26"]
[SourceQuality "1"]

1. e4 e6 2. d4 d5 3. Nc3 Bb4 4. e5 c5 5. a3 Bxc3+ 6. bxc3 Ne7 7. Qg4 cxd4 8. cxd4 Nbc6 9. Bd3 Qa5+ 10. Bd2 Qa4 11. Nf3 Bd7 12. 0-0 h5 13. Qf4 0-0-0 14. Rfb1 f6 15. exf6 gxf6 16. Qd6 e5 17. Bb5 Nf5 18. Qxd7+ Rxd7 19. Bxa4 e4 20. Bf4 Rg7 21. Bxc6 exf3 22. Bxd5 Nxd4 23. Be3 1-0

[Event "CRO-chT2a"]
[Site "Croatia"]
[Date "2009.04.25"]
[Round "4"]
[White "Tomic, Boris"]
[Black "Muslija, Idris"]
[Result "0-1"]
[WhiteElo "2104"]
[BlackElo "2208"]
[PlyCount "102"]
[EventDate "2009.04.04"]
[EventType "team-tourn"]
[EventRounds "9"]
[EventCountry "CRO"]
[SourceTitle "EXT 2010"]
[Source "ChessBase"]
[SourceDate "2010.11.25"]
[SourceVersion "1"]
[SourceVersionDate "2010.11.25"]
[SourceQuality "1"]

1. d4 d5 2. Nf3 c6 3. c4 e6 4. Nc3 Nf6 5. e3 Nbd7 6. Qc2 a6 7. a3 Bd6 8. Bd3 dxc4 9. Bxc4 b5 10. Ba2 c5 11. dxc5 Bxc5 12. b4 Be7 13. 0-0 Bb7 14. Nd4 Rc8 15. Bb2 Qb6 16. Qe2 0-0 17. Rac1 Ne5 18. Rfd1 Nc4 19. Bxc4 Rxc4 20. Nb1 Rcc8 21. Nd2 Qa7 22. Nf1 Qa8 23. f3 Nd5 24. e4 Nf4 25. Qe1 Qa7 26. Kh1 Bf6 27. Rxc8 Rxc8 28. Qg3 Ng6 29. Ne3 h6 30. Qe1 Ne5 31. Qe2 Qb6 32. Nb3 Rd8 33. Rxd8+ Qxd8 34. Nc5 Bc8 35. f4 Nc6 36. e5 Be7 37. Qd3 Qb6 38. Ne4 Bb7 39. Nd6 Ba8 40. h3 Bh4 41. f5 Bg5 42. Ng4 Nd8 43. f6 h5 44. Nh2 Qf2 45. Nf3 Qxb2 46. Ne4 Qc1+ 47. Ng1 Bxe4 48. Qxd8+ Kh7 49. Qf8 Bh6 50. fxg7 Bxg7 51. Qxf7 Qg5 0-1

[Event "CRO-chT2a"]
[Site "Croatia"]
[Date "2009.04.05"]
[Round "2"]
[White "Tomic, Boris"]
[Black "Grbac, Boris"]
[Result "0-1"]
[WhiteElo "2104"]
[BlackElo "2142"]
[PlyCount "122"]
[EventDate "2009.04.04"]
[EventType "team-tourn"]
[EventRounds "9"]
[EventCountry "CRO"]
[SourceTitle "EXT 2010"]
[Source "ChessBase"]
[SourceDate "2010.11.25"]
[SourceVersion "1"]
[SourceVersionDate "2010.11.25"]
[SourceQuality "1"]

1. d4 Nf6 2. c4 e6 3. Nf3 c5 4. d5 exd5 5. cxd5 d6 6. Nc3 Be7 7. g3 0-0 8. Bg2 Na6 9. 0-0 Nc7 10. a4 Re8 11. h3 Bf8 12. Re1 b6 13. e4 Nd7 14. e5 Rb8 15. Bf4 Nxe5 16. Nxe5 dxe5 17. Bxe5 f6 18. Bxc7 Rxe1+ 19. Qxe1 Qxc7 20. Rd1 Bd7 21. d6 Qc8 22. Nd5 Bxa4 23. Rd2 Qd7 24. Ne7+ Kh8 25. g4 Re8 26. Re2 Rd8 27. b3 Bxb3 28. Nf5 Bf7 29. Qa1 Bg6 30. Ne7 Bd3 31. Re3 Qxd6 32. Qxa7 c4 33. Nc6 Qd7 34. Qxb6 Rc8 35. Re1 h6 36. Na5 Bc5 37. Qb2 Qd4 38. Qxd4 Bxd4 39. Nc6 Bc3 40. Re6 Bb2 41. Nb4 Bg6 42. Be4 Bxe4 43. Rxe4 c3 44. Nc2 Rd8 45. Re2 Bc1 46. Kf1 Bd2 47. Re4 Rd3 48. h4 Rh3 49. h5 Rh4 50. Rd4 f5 51. f3 fxg4 52. fxg4 Rh2 53. Rc4 Kh7 54. Rc6 Kg8 55. Kg1 Re2 56. Kf1 Re4 57. Rg6 Bg5 58. Rc6 Bf6 59. Kf2 Rxg4 60. Ne3 Rh4 61. Nd5 Bd4+ 0-1

[Event "Mediterranean op 2nd"]
[Site "Rijeka"]
[Date "2008.12.06"]
[Round "9"]
[White "Tomic, Boris"]
[Black "Medancic, Rikard"]
[Result "1/2-1/2"]
[WhiteElo "2092"]
[BlackElo "2225"]
[PlyCount "134"]
[EventDate "2008.11.29"]
[EventType "swiss"]
[EventRounds "9"]
[EventCountry "CRO"]
[SourceTitle "CBM 127 Extra"]
[Source "ChessBase"]
[SourceDate "2009.01.08"]
[SourceVersion "2"]
[SourceVersionDate "2009.01.28"]
[SourceQuality "1"]

1. d4 d5 2. c4 dxc4 3. Nf3 Nf6 4. e3 Bg4 5. Bxc4 e6 6. 0-0 Nbd7 7. h3 Bh5 8. Nbd2 Be7 9. a3 0-0 10. b4 c6 11. Bb2 a5 12. Qb3 Qb6 13. Bc3 axb4 14. axb4 Nd5 15. Rfb1 Bg6 16. e4 Nxc3 17. Qxc3 Rfd8 18. Bf1 h6 19. Nc4 Qc7 20. Bd3 Nf6 21. Rxa8 Rxa8 22. Qc2 Qf4 23. Ncd2 Qc7 24. Nc4 Bh7 25. g3 Qd8 26. Kg2 Qf8 27. b5 c5 28. d5 exd5 29. exd5 Bxd3 30. Qxd3 Rd8 31. Ne3 Bd6 32. Nd2 Be5 33. Nf3 Bb8 34. Nd2 Nxd5 35. Nxd5 Qd6 36. Nc4 Qxd5+ 37. Qxd5 Rxd5 38. Ra1 Bc7 39. Ra7 Rd4 40. Ne3 c4 41. Rxb7 Ba5 42. Ra7 Bd8 43. Ra8 Kh7 44. Rc8 c3 45. Rxc3 Rb4 46. Rc5 Bb6 47. Rd5 Bxe3 48. fxe3 g5 49. Kf3 Kg6 50. g4 f6 51. Ke2 Rb3 52. Kd2 Kf7 53. Kc2 Rxe3 54. Rd3 Re6 55. Kc3 Kg6 56. Kc4 h5 57. Kc5 hxg4 58. hxg4 Re1 59. Rb3 f5 60. b6 Re8 61. b7 Rb8 62. gxf5+ Kxf5 63. Kc6 g4 64. Kc7 Rxb7+ 65. Rxb7 g3 66. Kd6 Ke4 67. Rf7 g2 1/2-1/2

[Event "Mediterranean op 2nd"]
[Site "Rijeka"]
[Date "2008.12.03"]
[Round "6"]
[White "Sandalakis, Angelos"]
[Black "Tomic, Boris"]
[Result "1-0"]
[WhiteElo "2376"]
[BlackElo "2092"]
[PlyCount "57"]
[EventDate "2008.11.29"]
[EventType "swiss"]
[EventRounds "9"]
[EventCountry "CRO"]
[SourceTitle "CBM 127 Extra"]
[Source "ChessBase"]
[SourceDate "2009.01.08"]
[SourceVersion "2"]
[SourceVersionDate "2009.01.28"]
[SourceQuality "1"]

1. Nf3 Nf6 2. c4 e6 3. Nc3 d5 4. cxd5 exd5 5. d4 Be7 6. Bg5 Nbd7 7. e3 0-0 8. Bd3 b6 9. 0-0 Bb7 10. Rc1 Ne4 11. Bxe7 Qxe7 12. Qa4 c5 13. Ba6 Ndf6 14. Bxb7 Qxb7 15. dxc5 bxc5 16. b3 Rfd8 17. Rfd1 Qe7 18. h3 h5 19. Nxe4 Nxe4 20. Nd2 d4 21. Nxe4 Qxe4 22. Rxc5 Rd6 23. Rxd4 Qb1+ 24. Kh2 Rg6 25. Qc4 Qxa2 26. Rf4 Rf8 27. Rxh5 Qa3 28. Rfh4 Qd6+ 29. g3 1-0